| 000 | 00758nam a22001817a 4500 | ||
|---|---|---|---|
| 005 | 20241128120028.0 | ||
| 010 | _aHIN-128864 | ||
| 020 | _c60.00 | ||
| 035 | _aHN-101210 | ||
| 037 | _bDBAD | ||
| 082 | _a230.2 | ||
| 100 |
_aसरस्वती, अखंडानंद _974215 |
||
| 245 |
_aभक्ति एवं लीला/ _cअखंडानंद सरस्वती |
||
| 260 |
_aवृंदावन _bस्वमीश्री अखंडानंद पुस्तकालय _c2019 |
||
| 270 |
_aआनन्द कुटीर, मोतीझील _bवृंदावन _e281121 _k09837219460 |
||
| 300 |
_a80 पृ. _c21 सेमी (अजिल्द) |
||
| 942 |
_2ddc _cHN _h230.2 _mसरस्व |
||
| 999 |
_c207124 _d207124 |
||